| 000 | 01005nam a2200169Ia 4500 | ||
|---|---|---|---|
| 999 |
_c12694 _d12694 |
||
| 082 | _aRR 920.041 SMI-; | ||
| 100 | _aSmith, George | ||
| 245 | 0 | _aDictionary of national biography: from the earliest times to 1900 | |
| 260 |
_aLondon _bOxford University Press _c1917 |
||
| 300 | _a22v. | ||
| 500 | _aContents: Vol.5.Craik-Drake(1370p.) - v.6.Drant-Finan(1320p.) - v.7.Finch-Gloucester(1333p.) - v.8.Glover-Harriott(1339p.) - v.9.Harris-Hovenden(1338p.) - v.10.Howard-Kenneth(1343p.) - v.11.Kennett-Lluelyn(1335p.) - v.12.Llwyd-Mason(1343p.) - v.13Masquerier-Myles(1359p.) - v.14.Myllar-Owen(1367p.) - v.15Owens-Pockrich(1352p.) - v.16. Pocock-Robins(1339p.) - v.17.Robinson-Sheares(1412p.) - v.18.Shearman-Stovin(1342p.) - v.19.Stow-Tytler(1399p.) - v.20.Ubaldini-Whewell(1387p.) - v.21.Whichcord-Zuylestein(1358p.) - v.22.Supplement(1400p.) | ||
| 504 | _aIncludes index | ||
| 650 | _aCelebrities - Biography - United Kingdom | ||
| 700 | _aLee, Sindey | ||
| 700 | _aStephen, Leslie | ||
| 942 |
_cBK _2ddc |
||